Development of video link for security application within building /
Saved in:
| Main Author: | |
|---|---|
| Format: | Thesis |
| Language: | English |
| Published: |
Loughborough, Leicestershire :
Loughborough University,
2002
|
| Subjects: | |
| Tags: |
Add Tag
No Tags, Be the first to tag this record!
|
| LEADER | 010830000a22002530004500 | ||
|---|---|---|---|
| 008 | 140721t2002 xxka g m 000 0 eng d | ||
| 040 | |a UIAM |b eng |e rda | ||
| 050 | 4 | |a TK7876 | |
| 100 | 0 | |a Ahmad Zamani Jusoh, |e author | |
| 245 | 1 | 0 | |a Development of video link for security application within building / |c by Ahmad Zamani Jusoh |
| 264 | 1 | |a Loughborough, Leicestershire : |b Loughborough University, |c 2002 | |
| 300 | |a iii, 87 leaves : |b illustrations ; |c 30 cm. | ||
| 336 | |2 rda |a text | ||
| 337 | |2 rdamedia |a unmediated | ||
| 338 | |2 rdacarrier |a volume | ||
| 502 | |a Thesis (M. Sc.)--Loughborough University, 2002. | ||
| 504 | |a Includes bibliographical references (leaves [66]-67). | ||
| 596 | |a 1 | ||
| 655 | 0 | 7 | |a Theses, IIUM foreign |
| 690 | |a Dissertations, Academic |z Loughborough University | ||
| 710 | 2 | |a Loughborough University. |b Department of Electronic and Electrical Engineering | |
| 900 | |a amr-hj-mrm | ||
| 999 | |c 438910 |d 469933 | ||
| 952 | |0 0 |6 T TK 007876 A2865D 2002 |7 0 |8 THESES |9 759821 |a IIUM |b IIUM |c MULTIMEDIA |g 0.00 |o t TK 7876 A2865D 2002 |p 11100324614 |r 2017-10-20 |t 1 |v 0.00 |y THESIS | ||
